000 00211nam a2200097Ia 4500
008 190216s9999||||xx |||||||||||||| ||und||
100 _aSreekandan Nair C N
245 0 _aMathuvithu
260 _bNull
942 _cBK
999 _c23920
_d23920